| 000 | 00652nam a2200253Ia 4500 | ||
|---|---|---|---|
| 003 | OSt | ||
| 005 | 20220918174855.0 | ||
| 006 | a|||||r|||| 00| 0 | ||
| 007 | ta | ||
| 008 | 220917b |||||||| |||| 00| 0 eng d | ||
| 024 | _a14,497 | ||
| 037 | _cTextual | ||
| 040 |
_aARTS _cARTS _beng |
||
| 041 |
_2eng _aeng |
||
| 082 | _aNQxM95, L8 | ||
| 100 |
_aBroude Norma _952071 |
||
| 245 | 0 | _aSeurat in perspective | |
| 260 |
_aEnglewood _bPrentice Hall _c1978 |
||
| 300 |
_axi, 180p _ccm. |
||
| 490 | _aArtists in perspective series | ||
| 650 | _aARTS | ||
| 942 |
_hNQxM95, L8 _cTEXL _2CC |
||
| 999 |
_c155045 _d155045 |
||